00518nam a2200157 a 450000500170000000800410001702000150005805000250007310000250009824501120012326000470023530000330028250000200031552100090033565000160034420140310183437.0080206s19uu xx 00 eng d a1599180618 aHF 5386b.Ei317 2007 aEichenbaum, David A. aThe business rules :bthe seven irrefutable laws that determine all business success /cDavid A. Eichenbaum a[Eliot, ME] :bEntrepreneur Press,cc2007. axv, 256 p. :bill. ;c23 cm. aIncludes uindex aBSBA aManagement.